000 00715nam a22002417a 4500
003 UA-OsUOA
001 46237
007 ta
008 20070611b un ||||| |||| 00| 0 ukr d
100 _aАнтонович Є.
090 _a7(477)
942 _cBK
040 _aUA-OsUOA
_bukr
_cUA-OsUOA
_dUA-OsUOA
245 _aУкраїнське мистецтвознавство кінця ХІХ - поч. ХХ століття:
_bМонографія
_cАнтонович Є.
300 _a272 с.
955 _a2
041 _aukr
080 _a7(477)
020 _a966-542-309-6
260 _aК.
_bАльтерпрес
_c2007
650 7 _a7 Мистецтво. Ігри. Спорт.
_2UDC
999 _c332339
_d332339